Nelson Love and Fame (Record no. 533819)

000 -LEADER
fixed length control field 00280nam a22001217a 4500
040 ## - CATALOGING SOURCE
Transcribing agency dlc
082 ## - DEWEY DECIMAL CLASSIFICATION NUMBER
Classification number 940.27092
100 ## - MAIN ENTRY--PERSONAL NAME
Personal name Edgar Vincent
9 (RLIN) 27813
245 ## - TITLE STATEMENT
Title Nelson Love and Fame
260 ## - PUBLICATION, DISTRIBUTION, ETC.
Place of publication, distribution, etc. Newyork
Name of publisher, distributor, etc. Yale University Press;
Date of publication, distribution, etc. c2003
300 ## - PHYSICAL DESCRIPTION
Extent 640;pxv
942 ## - ADDED ENTRY ELEMENTS (KOHA)
Source of classification or shelving scheme
Koha item type Book
Holdings
Withdrawn status Lost status Source of classification or shelving scheme Damaged status Not for loan Permanent Location Current Location Date acquired Total Checkouts Full call number Barcode Date last seen Price effective from Koha item type
          School of Civil and Environmental Engineering (SCEE) School of Civil and Environmental Engineering (SCEE) 01/21/2020   940.27092 NIT-9292 01/21/2020 01/21/2020 Book
© 2023 Central Library, National University of Sciences and Technology. All Rights Reserved.